Gestión eficiente de empresas gastronómicas (Registro nro. 9710)
[ vista simple ]
| 000 -LEADER | |
|---|---|
| fixed length control field | 00335 a2200109 4500 |
| 001 - CONTROL NUMBER | |
| control field | ART_25744 |
| 005 - DATE AND TIME OF LATEST TRANSACTION | |
| control field | 20260410161601.0 |
| 008 - FIXED-LENGTH DATA ELEMENTS--GENERAL INFORMATION | |
| fixed length control field | 260409a |
| 100 1# - MAIN ENTRY--PERSONAL NAME | |
| Personal name | Iacomucci, Norma H. |
| 245 10 - TITLE STATEMENT | |
| Title | Gestión eficiente de empresas gastronómicas |
| 773 0# - HOST ITEM ENTRY | |
| Title | Profesional & Empresaria |
| Related parts | - Año VII, Nº 83 (ago. 2006) |
| Record control number | REV70 |
No hay ítems disponibles.